000 01849nam a22004817a 4500
001 000095495
003 CHAP
005 20220817044105.0
008 060328d2006 mx abd r 00110 spa d
010 _a91961
011 _a92933
035 _a103500
040 _cCHAP
090 _aTesis
100 1 _aDomínguez Méndez, Ciro.
_933851
245 1 0 _aAporte y descomposición de hojarasca en tres agroecosistemas de café (Coffea arabica) con sombra en la región central de Veracruz /
_c/por Ciro Domínguez Méndez.
260 _aHuatusco, Var. :
_bEl autor,
_c2006.
300 _a58 h. :
_bilus. ; gráfs. ; mapa ; cuadros.
502 _aTesis (Ing. Agr. Esp. en Zonas Tropicales) -- UACH. Centro Universitario Regional Oriente
590 _aALEPH
_b10
_c20130110
_lUCH01
_h1510
590 _aBATCH-UPD
_b10
_c20130110
_lUCH01
_h0553
590 _aBATCH-UPD
_b10
_c20130410
_lUCH01
_h0235
590 _aBATCH-UPD
_b10
_c20130410
_lUCH01
_h1635
590 _aBATCH-UPD
_b10
_c20130914
_lUCH01
_h0638
590 _aBATCH-UPD
_b10
_c20140324
_lUCH01
_h1455
590 _aBATCH-UPD
_b10
_c20141002
_lUCH01
_h0829
590 _aBATCH-UPD
_b10
_c20190821
_lUCH01
_h1439
590 _aCONVERSION
_b10
_c20130109
_lUCH01
_h1351
590 _aE11695DGD
_b10
_c20130530
_lUCH01
_h1359
650 1 4 _aAbonos
_xEfecto en cafe.
_9242
650 1 4 _aBiomasa.
_912825
650 1 4 _aCafé
_zVeracruz.
650 1 4 _aEcosistema.
_935290
650 1 4 _aMateria orgánica
_xDescomposición.
_972932
650 1 4 _aSombra
_xEfecto en café.
_9108537
856 _3Finding aid
_uhttp://10.13.5.2/tesis/103500.pdf
_zTeclea aquí
901 _aBK
905 _aMarco A. Mendoza T.
942 _cCD
942 _n0
949 _aTesis
_bBC
_cTES
_d00000001035001
_eTS1
_gDonaciØn
_h45009
_i103500
_sb
949 _aTesis
_bBC
_cTES
_d33724000998209
_eTS2
_fc.2
_gDonaciØn
_h45010
_i103500
_si
999 _c91961
_d91961